中国人均水资源最多/少的省区 Provinces with most/least water resources per capita - Statistics

General Stats
  • This quiz has been taken 144 times
  • The average score is 11 of 14
Answer Stats
人均水资源/m³ % Correct
最多 113416.4 西藏
95%
最多 12206.9 青海
93%
最多 3532.1 新疆
92%
最少 108.4 北京
92%
最少 133.4 上海
86%
最少 121.3 天津
82%
最少 252.9 河北
80%
最多 3714.8 云南
79%
最少 252.5 河南
74%
最少 122.5 宁夏
71%
最少 226.6 江苏
71%
最多 4380.2 广西
67%
最多 3554.5 海南
59%
最多 3441 江西
46%
No matching quizzes found
Score Distribution
Percent of People with Each Score
Percentile by Number Answered
Your Score History
You have not taken this quiz